Responses for show #4602 - Tuesday, September 14, 2004

Ken Jennings game 45.

Contestants

[<< previous game]

Robert Quinn, a real estate manager and actor from Hoboken, New Jersey

Kate Duffy, a reporter from Lebanon, New Hampshire

Ken Jennings, a software engineer from Salt Lake City, Utah (whose 44-day cash winnings total $1,477,461)

[next game >>]

Jeopardy! Round responses

NEW YORK CITY
SECONDS
OH, FOR PETE'S SAKE!
A PROVERBIAL MESS
OPERA
THE TALES OF HOFFMAN
    $200 16
Brooklyn

Robert
    $200 6
Monopoly

Ken
    $200 1
Peter the Great

Ken
    $200 26
one good turn deserves another

Ken
    $200 11
bass

Robert
    $200 21
(Ken: What is [*]--definitely, definitely.)

Rain Man

Ken
    $400 17
Christmas Day

Kate
    $400 7
Harry Potter and the Chamber of Secrets

Ken
    $400 2
Pete Best

Ken
    $400 27
a watched pot never boils

Ken
    $400 12
Arabian Nights

Ken
    $400 22
All the President's Men

Ken
    $1,400 18
(Kate: Well, I have a tough competitor, so let's bet all of it.)
...
(Kate: What is Sullivan Street?)

Mulberry Street

Kate
    $600 8
Pennsylvania

Ken
    $600 3
Pete Wilson

Ken
    $600 28
let sleeping dogs lie

Ken
    $600 13
Friar Tuck

Ken
    $600 23
Tootsie

Ken
    $800 19
(Ken: What are NYFD?)

FDNY

KenKate
    $800 9
the Ten Commandments

Ken
    $800 4
Pete Sampras

Ken
    $800 29
(Alex: Sounds German!)

once bitten twice shy

Ken
    $800 14
Bayreuth

Robert
    $800 24
Midnight Cowboy

Ken
    $1000 20
Bellevue

Ken
    $1000 10
helium

Ken
    $1000 5
Peter Minuit

Kate
    $1000 30
a horse of a different color

Kate
    $1000 15
(Robert: Who was Oscar Wilde?)

Richard Strauss

Robert
Triple Stumper
    $1000 25
Wag the Dog

Ken

Scores at the first commercial break (after clue 10):

Ken Kate Robert
$5,000 $1,000 $0

Scores at the end of the Jeopardy! Round:

Ken Kate Robert
$11,200 $1,800 $200

Double Jeopardy! Round responses

19th CENTURY AMERICA
'80s SONGS
FLOWER POWER
RHYME TIME
CANADIAN PROVINCIAL CAPITALS
LET'S CUT TO THE CHASE
    $400 1
Abraham Lincoln

Ken
    $400 14
Willie Nelson and Julio Iglesias

Robert
    $400 21
Iris

Ken
    $400 11
Humpty Dumpty

Ken
    $400 6
Victoria

Ken
    $400 26
(Salvador) DalĂ­

Robert
    $800 2
Alcatraz

Ken
    $800 15
"Call Me"

Triple Stumper
    $800 22
forget-me-not

Ken
    $800 12
the White Knight

Ken
    $800 7
Toronto

Ken
    $800 27
Sibelius

Ken
    $1200 3
(Ken: What is Great Britain?)
(Robert: What is Canada?)
(Kate: What is France?)

Russia

KenKateRobert
Triple Stumper
    $1200 16
(Ken: What is "Hey, [*]"?)
...
(Alex: [*]. No "Hey".)

"Mickey"

KenKate
    $1200 23
daisy chain

Ken
    $1200 13
a green screen

Kate
    $1200 8
Edmonton

Ken
    $1200 28
Haile Selassie

Ken
    $1600 4
Sandwich glass

Triple Stumper
    $1600 17
(Kate: What is "Barracuda"?)

"Fire And Ice"

Kate
Triple Stumper
    $3,400 24
a rose

Ken
    $1600 19
the Master of Disaster

Ken
    $4,000 9
(Alex: What? $4,000 even?)
(Ken: Just shakin' it up a little.)
(Alex: Okay... I was looking for at least a $400 in there to give you an even total at the end...)

Halifax

Ken
    $1600 29
William Faulkner

Robert
    $2000 5
the Chesapeake & Ohio Canal

Triple Stumper
    $2000 18
(Ken: Oh. What is C+C Music Factory?)

Technotronic

Ken
Triple Stumper
    $2000 25
dandelion wine

Ken
    $2000 20
gloom and doom

Kate
    $2000 10
St. John's

Ken
    $2000 30
the Venerable Bede

Ken

Scores at the end of the Double Jeopardy! Round:

Ken Kate Robert
$31,000 $3,400 $1,400
(lock game)

[wagering suggestions for these scores]

Final Jeopardy! Round responses

ALIASES
(Alex: I guess the next logical question is: is he going to make it to $2 million?)
RobertWho is Rowe?
$1,399
KateWho is Roe?
$100
KenWho is Roe?
$9,000
(Jane) Roe

Final scores:

Ken Kate Robert
$40,000 $3,500 $2,799
45-day champion: $1,517,461 2nd place: $2,000 3rd place: $1,000

Game dynamics:

Coryat scores:

Ken Kate Robert
$26,800 $4,800 $1,400
39 R
(including 2 DDs),
4 W
7 R,
3 W
(including 1 DD)
6 R,
2 W

Combined Coryat: $33,000

The J! Archive is created by fans, for fans. The Jeopardy! game show and all elements thereof, including but not limited to copyright and trademark thereto, are the property of Jeopardy Productions, Inc. and are protected under law. This website is not affiliated with, sponsored by, or operated by Jeopardy Productions, Inc. Join the discussion at JBoard.tv.